Naomi / (Registro nro. 248802)

Detalles MARC
000 -LEADER
fixed length control field 01924nam a2200493Ii 4500
001 - CONTROL NUMBER
control field DIGSIRLA0525
003 - CONTROL NUMBER IDENTIFIER
control field NyNyDIG
006 - FIXED-LENGTH DATA ELEMENTS--ADDITIONAL MATERIAL CHARACTERISTICS
fixed length control field m o d
008 - FIXED-LENGTH DATA ELEMENTS--GENERAL INFORMATION
fixed length control field 170426t20162011sp o 000 f spa d
007 - PHYSICAL DESCRIPTION FIXED FIELD--GENERAL INFORMATION
fixed length control field cr |||||||||||
035 ## - SYSTEM CONTROL NUMBER
System control number (OCoLC)984670112
040 ## - CATALOGING SOURCE
Original cataloging agency DGITA
Language of cataloging eng
Description conventions rda
-- pn
Transcribing agency DGITA
020 ## - INTERNATIONAL STANDARD BOOK NUMBER
International Standard Book Number 9788416749850
Qualifying information (eBook ;
-- ePub)
020 ## - INTERNATIONAL STANDARD BOOK NUMBER
International Standard Book Number 841674985X
Qualifying information (eBook ;
-- ePub)
020 ## - INTERNATIONAL STANDARD BOOK NUMBER
International Standard Book Number 9788416749867
Qualifying information (eBook ;
-- Kindle)
020 ## - INTERNATIONAL STANDARD BOOK NUMBER
International Standard Book Number 8416749868
Qualifying information (eBook ;
-- Kindle)
020 ## - INTERNATIONAL STANDARD BOOK NUMBER
Canceled/invalid ISBN 9788498415216
020 ## - INTERNATIONAL STANDARD BOOK NUMBER
Canceled/invalid ISBN 8498415217
050 14 - LIBRARY OF CONGRESS CALL NUMBER
Classification number PL839.A7 ebook
082 04 - DEWEY DECIMAL CLASSIFICATION NUMBER
Classification number 895.6344
100 1# - MAIN ENTRY--PERSONAL NAME
Personal name Tanizaki, Jun'ichirō,
Dates associated with a name 1886-1965,
Relator term author.
240 10 - UNIFORM TITLE
Uniform title Naomi.
Language of a work Spanish
Version (Balseiro)
245 10 - TITLE STATEMENT
Title Naomi /
Statement of responsibility, etc. Junichirō Tanizaki ; traducción del inglés de María Luisa Balseiro.
250 ## - EDITION STATEMENT
Edition statement Edición en formato digital.
264 #1 - PRODUCTION, PUBLICATION, DISTRIBUTION, MANUFACTURE, AND COPYRIGHT NOTICE
Place of production, publication, distribution, manufacture Madrid :
Name of producer, publisher, distributor, manufacturer Ediciones Siruela,
Date of production, publication, distribution, manufacture, or copyright notice [2016]
264 #4 - PRODUCTION, PUBLICATION, DISTRIBUTION, MANUFACTURE, AND COPYRIGHT NOTICE
Date of production, publication, distribution, manufacture, or copyright notice ©2011
300 ## - PHYSICAL DESCRIPTION
Extent 1 online resource.
336 ## - CONTENT TYPE
Content type term text
Content type code txt
Source rdacontent
337 ## - MEDIA TYPE
Media type term computer
Media type code c
Source rdamedia
338 ## - CARRIER TYPE
Carrier type term online resource
Carrier type code cr
Source rdacarrier
490 1# - SERIES STATEMENT
Series statement Libros del tiempo ;
Volume/sequential designation 309
588 0# - SOURCE OF DESCRIPTION NOTE
Source of description note Online resource; title from ePub title page (Digitalia, viewed April 27, 2017)
655 #7 - INDEX TERM--GENRE/FORM
Genre/form data or focus term Romance fiction.
Source of term lcgft
655 #0 - INDEX TERM--GENRE/FORM
Genre/form data or focus term Electronic books.
700 1# - ADDED ENTRY--PERSONAL NAME
Personal name Balseiro, María Luisa,
Relator term translator.
700 1# - ADDED ENTRY--PERSONAL NAME
Relationship information Translation of:
Personal name Tanizaki, Jun'ichirō,
Dates associated with a name 1886-1965.
Title of a work Chijin no ai.
Language of a work English.
791 2# -
-- Digitalia (Firm),
-- distributor.
793 0# -
-- Digitalia eBook Collection:
-- Siruela
776 08 - ADDITIONAL PHYSICAL FORM ENTRY
Relationship information Print version:
Main entry heading Tanizaki, Jun'ichirō, 1886-1965.
Uniform title Chijin no ai. Spanish (Balseiro).
Title Naomi.
Edition Primera edición.
Place, publisher, and date of publication Madrid : Ediciones Siruela, 2011
International Standard Book Number 9788498415216
Record control number (OCoLC)746835607
830 #0 - SERIES ADDED ENTRY--UNIFORM TITLE
Uniform title Libros del tiempo (Madrid, Spain) ;
Volume/sequential designation 309.
856 40 - ELECTRONIC LOCATION AND ACCESS
Materials specified Digitalia Hispánica
Uniform Resource Identifier <a href="https://www.digitaliapublishing.com/a/44818/">https://www.digitaliapublishing.com/a/44818/</a>
910 ## - USER-OPTION DATA (OCLC)
User-option data Premium collection: 2017
942 ## - ADDED ENTRY ELEMENTS (KOHA)
Koha item type Recurso Electrónico
Existencias
Withdrawn status Lost status Damaged status Not for loan Collection Home library Current library Date acquired Total checkouts Date last seen Price effective from Koha item type
        Digitalia Ebooks Hispanica Biblioteca Digital UIN Biblioteca Digital UIN 04/25/2025   04/25/2025 04/25/2025 Recurso Electrónico

CONTACTO


NOSOTROS


SITIOS DE INTERES

coordinacion.biblioteca.biblioteca@unienlinea.mx Misión, Visión y Objetivos Bases de datos
Directorio Bibliotecas Digitales y Repositorios
Normatividad Revistas y artículos
Convenios interbibliotecarios
Boletines



Hecho en México. Universidad Insurgentes (UIN). Todos los derechos reservados 2024. Esta página y sus contenidos pueden ser reproducidos con fines no lucrativos, siempre y cuando no se mutile, se cite la fuente completa y su dirección electrónicas. De otra forma requiere permiso previo por escrito de la institución




2024 Copyright Universidad Insurgentes | www.bibliouin.com.mx